000 01599cam a2200301 i 4500
999 _c57849
_d57849
001 18445170
005 20221110160644.0
008 150112s2015 enk b 101 0 eng
020 _a9780198724506x
041 _aeng
080 _a327.51 E-97
245 0 0 _aExtending experimentalist governance? :
_bthe European Union and transnational regulation /
_cedited by Jonathan Zeitlin.
246 3 0 _aEuropean Union and transnational regulation
250 _aFirst edition.
264 1 _aOxford, United Kingdom :
_bOxford University Press,
_c2015.
300 _axxi, 410 pages ;
_c24 cm.
653 _aExtending Experimentalist Governance? :
653 _aThe European Union and Transnational Regulation
653 _aექსპერიმენტული მმართველობის გაფართოება ? :
653 _aევროკავშირი და ტრანსნაციონალური რეგულირება
653 _aРасширение экспериментального управления :
653 _aЕвропейский союз и транснациональное регулирование
700 1 _aZeitlin, Jonathan
_eრედაქტორი
_910500
856 4 2 _3Contributor biographical information
_uhttp://www.loc.gov/catdir/enhancements/fy1604/2015930594-b.html
856 4 2 _3Publisher description
_uhttp://www.loc.gov/catdir/enhancements/fy1604/2015930594-d.html
856 4 1 _3Table of contents only
_uhttp://www.loc.gov/catdir/enhancements/fy1604/2015930594-t.html
942 _2udc
_cBK